Els Serveis socials més a prop
Descripción Física:
1 carpeta : 24 cm
Idioma:
Catalán
MARC
| LEADER | 00000nam a22000007a 4500 | ||
|---|---|---|---|
| 001 | 26319 | ||
| 008 | 220725b spa||||| |||| 00| 0 cat d | ||
| 080 | |a NBM-14-63 | ||
| 245 | 0 | 4 | |a Els Serveis socials més a prop |h [objecte] |
| 260 | |a Barcelona : |b Diputació de Barcelona. Àrea d'Atenció a les Persones, |c 2014 | ||
| 300 | |a 1 carpeta : |c 24 cm | ||
| 500 | |a Conté logotip de la Mancomunitat de Catalunya, 1914-2014 | ||
| 710 | |a Barcelona (Catalunya : Província). |b Àrea d'Atenció a les Persones |9 52421 | ||
| 942 | |2 udc |c ARXIU |n 1 | ||
| 952 | |0 0 |1 0 |4 0 |6 NBM1463 |7 1 |9 63078 |a Arxiu |b Arxiu |d 2022-07-25 |l 0 |o NBM-14-63 |p 26319 |r 2022-07-25 00:00:00 |w 2022-07-25 |y ARXIU | ||
| 999 | |c 82419 |d 82419 | ||